Statistics for Iran 2022 FIFA World Cup Squad

Click here to take the quiz!

General Stats

  • This quiz has been taken 519 times
    (465 since last reset)
  • The average score is 8 of 26

Answer Stats

#PositionPlayer% Correct
9FWMehdi Taremi
93%
20FWSardar Azmoun
66%
7MFAlireza Jahanbakhsh
43%
1GKAlireza Beiranvand
42%
ManagerCarlos Queiroz
37%
5DFMilad Mohammadi
36%
24GKHossein Hosseini
35%
19DFMajid Hosseini
34%
14MFSaman Ghoddos
34%
3DF ©Ehsan Hajsafi
31%
17MFAli Gholizadeh
30%
10FWKarim Ansarifard
28%
2DFSadegh Moharrami
28%
18MFAli Karimi
27%
8DFMorteza Pouraliganji
25%
15DFRouzbeh Cheshmi
25%
6MFSaeid Ezatolahi
25%
11MFVahid Amiri
25%
22GKAmir Abedzadeh
24%
16MFMehdi Torabi
24%
23DFRamin Rezaeian
23%
21MFAhmad Nourollahi
20%
13DFHossein Kanaanizadegan
19%
12GKPayam Niazmand
19%
4DFShojae Khalilzadeh
19%
25DFAbolfazl Jalali
18%

Score Distribution

Percentile by Number Answered

Percent of People with Each Score

Your Score History

You have not taken this quiz since the last reset